Electronic principles / (Record no. 3042)

000 -LEADER
fixed length control field 00388nam a2200145 4500
008 - FIXED-LENGTH DATA ELEMENTS--GENERAL INFORMATION
fixed length control field 200319b ||||| |||| 00| 0 eng d
082 00 - DEWEY DECIMAL CLASSIFICATION NUMBER
Classification number 621.381
Item number M262
100 ## - MAIN ENTRY--PERSONAL NAME
9 (RLIN) 2369
Personal name Malvino, Albert Paul
245 10 - TITLE STATEMENT
Title Electronic principles /
250 ## - EDITION STATEMENT
Edition statement 2nd ed.
260 ## - PUBLICATION, DISTRIBUTION, ETC. (IMPRINT)
Place of publication, distribution, etc [s.l.]
Name of publisher, distributor, etc McGrawhill
Date of publication, distribution, etc 1983
300 ## - PHYSICAL DESCRIPTION
Extent ix, 742 p.
650 #0 - SUBJECT ADDED ENTRY--TOPICAL TERM
Topical term or geographic name as entry element Electronics
942 ## - ADDED ENTRY ELEMENTS (KOHA)
Source of classification or shelving scheme
Item type Books
Holdings
Withdrawn status Lost status Source of classification or shelving scheme Damaged status Not for loan Permanent location Current location Date acquired Full call number Barcode Date last seen Koha item type
          IMU Kolkata IMU Kolkata 1979-09-13 621.381 M262 05129 2020-03-19 Books
          IMU Kolkata IMU Kolkata 2020-06-10 621.381 M262 06184 2020-06-10 Books
Designed and Maintained by IMU-KC Library, Kolkata Campus © Copyright All Rights Reserved

webs counters

Powered by Koha